Indice general de la Revista en Viaje: 1933-1973

Zapisane w:
Opis bibliograficzny
Format: Książka
Język:hiszpański
Wydane: Santiago, Chile Ministerio de Educación 1995
Hasła przedmiotowe:
Etykiety: Dodaj etykietę
Nie ma etykietki, Dołącz pierwszą etykiete!

MARC

LEADER 00000nam a2200000 a 4500
001 UCS0040
003 CL-VaPUC
005 20211009074542.0
008 970418e19950000CL |||||||||||||||||spa|d
999 |c 258304  |d 258302 
040 |c Pontificia Universidad Católica de Valparaíso 
082 0 4 |a 983.016 IND 1995  |2 21 
245 1 0 |a Indice general de la Revista en Viaje:  |b  1933-1973 
260 |a Santiago, Chile  |b Ministerio de Educación  |c 1995 
300 |a 432 páginas 
583 |a last modification  |c 20160912 10:42:21  |k Rodrigo Vera 
650 7 |a INDICES DE REVISTAS  |2 CL-VaPUC  |9 257487 
650 7 |a REVISTAS CHILENAS  |2 CL-VaPUC  |9 383105 
650 0 |a Historia de Chile siglo 20  |y SIGLO 20  |9 268145 
852 |a BIBCUR 
942 |c BK  |2 ddc 
945 |d 19970418 00:00:00  |a rleighto 
952 |0 0  |1 0  |2 ddc  |4 0  |6 983_016000000000000_IND_1995  |7 0  |8 A  |9 282318  |a BIBHIS  |b BIBHIS  |d 2019-11-19  |i 3300978  |l 1  |o 983.016 IND 1995  |p 3300978  |r 2025-01-20  |s 2023-04-12  |t 1  |w 2019-11-19  |y BK  |k HIS